• 首页
  • 本馆介绍
  • 公告通知
  • 最新文献
  • 馆藏检索
  • 电子资源
  • 读者导购
  • 参考咨询
  • 我的图书馆
  • 登录
  • 详细信息显示
  • 放入我的书架
  • 预约/预借图书
  • 作者相关作品
  • 分类相关作品
  • 丛书相关作品
  • 出版社相关作品

书目信息

  • 表格格式
  • 工作单格式
  • 卡片格式
题名:
企业行为发展新趋势探究:基于核心外围视角的价值链分解
    
 
作者: 马光秋 著
分册:  
出版信息: 北京   中国经济出版社  2018.01
页数: 306页
开本: 24cm
丛书名:
单 册:
中图分类: F272-0 , F270
科图分类:
主题词: 企业行为--研究
电子资源:
ISBN: 978-7-5136-4882-0
000 01442nam0 2200253 450
001 1107
005 20180927120020.36
010    @a978-7-5136-4882-0@dCNY48.00
100    @a20180412d2018 em y0chiy50 ea
101 0  @achi
102    @aCN@b110000
105    @ay az 000yy
200 1  @a企业行为发展新趋势探究:基于核心外围视角的价值链分解@Aqi ye xing wei fa zhan xin qu shi tan jiu:ji yu he xin wai wei shi jiao de jia zhi lian fen jie@9qi ye xing wei fa zhan xin qu shi tan jiu@e基于核心-外围视角的价值链分解@f马光秋著
210    @a北京@c中国经济出版社@d2018.01
215    @a306页@d24cm
314    @a马光秋,山东威海人,副教授,中国人民大学西方经济学专业博士。现任职于中央民族大学经济学院,西方经济学专业硕士研究生导师。主要研究方向为产业组织理论,曾主持国家社科基金项目,公开发表专业论文四十余篇。
320    @a有书目(第293-306页)
330    @a本书综合了马克思主义经济学的“生产力—生产方式—生产关系”分析思路和产业组织理论中哈佛学派及其发展者的“市场结构—企业行为—市场绩效”的双重反馈范式,从发展经济学的核心—外围视角来研究企业价值链分解,从动力机制、组织调节、生产设计、社会环境和创新效应等方面做了系统分析。本书侧重分析价值链分解后企业之间的生产关系和分配关系,即产业组织理论所谓的行为和绩效,从而诉求微观企业、产业发展战略,探讨宏观经济发展增长的有效模式。
606 0  @a企业行为@x研究
690    @aF272-0@v5
690    @aF270@v4
701  0 @a马光秋@9ma guang qiu@4著
801  0 @aCN@b91MARC@c20180412
905    @aMuseLib@dF270@e1608
    
    企业行为发展新趋势探究:基于核心外围视角的价值链分解:基于核心-外围视角的价值链分解/马光秋著.-北京:中国经济出版社,2018.01
    306页;24cm
    
    
    ISBN 978-7-5136-4882-0:CNY48.00
    本书综合了马克思主义经济学的“生产力—生产方式—生产关系”分析思路和产业组织理论中哈佛学派及其发展者的“市场结构—企业行为—市场绩效”的双重反馈范式,从发展经济学的核心—外围视角来研究企业价值链分解,从动力机制、组织调节、生产设计、社会环境和创新效应等方面做了系统分析。本书侧重分析价值链分解后企业之间的生产关系和分配关系,即产业组织理论所谓的行为和绩效,从而诉求微观企业、产业发展战略,探讨宏观经济发展增长的有效模式。
●
相关链接 在E读中查询图书 在五车中查询图书 在当当中查询图书 在豆瓣中查询图书


正题名:企业行为发展新趋势探究:基于核心外围视角的价值链分解     索取号:F270/1608         预约/预借

序号 登录号 条形码 馆藏地/架位号 状态 备注
1 1121199   211211990   第一样本阅览室/ [索取号:F270/1608] 在馆    
2 1121200   211212007   第一借阅区/ [索取号:F270/1608] 在馆    
3 1121201   211212016   第一借阅区/ [索取号:F270/1608] 在馆    
4 1121202   211212025   第一借阅区/ [索取号:F270/1608] 在馆    
5 1121203   211212034   第一借阅区/ [索取号:F270/1608] 在馆    
唐山师范学院图书馆 欢迎您!
大连网信软件有限公司© 版权所有